|
|
|
|
| LEADER |
01339nam a22003852i 4500 |
| 001 |
001580344 |
| 003 |
CZ BrMZK |
| 005 |
20171005104137.0 |
| 007 |
ta |
| 008 |
170612s1973 xr a er|||||||||||ger d |
| 015 |
|
|
|a cnb000462326
|
| 035 |
|
|
|a (OCoLC)85360151
|
| 040 |
|
|
|a ABA001
|b cze
|c OLA001
|d ABA001
|d BOA001
|e rda
|
| 041 |
1 |
|
|a ger
|h cze
|
| 072 |
|
7 |
|a 621
|x Strojírenství
|2 Konspekt
|9 19
|
| 080 |
|
|
|a 621:334.716
|2 MRF
|
| 080 |
|
|
|a 621:338.45
|2 MRF
|
| 080 |
|
|
|a (041)
|2 MRF
|
| 100 |
1 |
|
|a Sedlák, Jiří
|4 aut
|
| 245 |
1 |
0 |
|a Betriebe für Maschinenbautechnik :
|b trust der Unternehmen /
|c Autor: Jiří Sedlák
|
| 246 |
3 |
0 |
|a Trust der Unternehmen
|
| 264 |
|
1 |
|a Praha :
|b Státní nakladatelství technické literatury,
|c 1973
|
| 300 |
|
|
|a 32 nečíslovaných stran :
|b ilustrace ;
|c 8°
|
| 336 |
|
|
|a text
|b txt
|2 rdacontent
|
| 337 |
|
|
|a bez média
|b n
|2 rdamedia
|
| 338 |
|
|
|a svazek
|b nc
|2 rdacarrier
|
| 500 |
|
|
|a Přeloženo z češtiny
|
| 610 |
2 |
7 |
|a Továrny strojírenské techniky (firma)
|7 ko2005275425
|
| 650 |
0 |
7 |
|a strojírenské podniky
|7 ph116299
|2 czenas
|
| 650 |
0 |
7 |
|a strojírenský průmysl
|7 ph126148
|2 czenas
|
| 655 |
|
7 |
|a brožury
|7 fd131925
|2 czenas
|
| 910 |
|
|
|a BOA001
|b X-0697.033
|
| 990 |
|
|
|a BK
|
| 991 |
|
|
|b 201706
|
| 996 |
6 |
|
|b 2618903583
|c X-0697.033
|l MZK
|r Sklad / do 24 hodin
|n 0
|w 001615689
|u 000010
|a 1
|e BOA001
|j MZK50
|s P
|